Tax on Property [2007-2008] (Record no. 107853)
[ view plain ]
| 000 -LEADER | |
|---|---|
| fixed length control field | 01253cam a22002535a 4500 |
| 001 - CONTROL NUMBER | |
| control field | L142207 |
| 008 - FIXED-LENGTH DATA ELEMENTS--GENERAL INFORMATION | |
| fixed length control field | 080129s2007 xxk f 000 0 eng d |
| 020 ## - INTERNATIONAL STANDARD BOOK NUMBER | |
| International Standard Book Number | 9781841408965 |
| 035 ## - SYSTEM CONTROL NUMBER | |
| System control number | (Sirsi) u142207 |
| 041 0# - LANGUAGE CODE | |
| Language code of text/sound track or separate title | eng |
| 050 04 - LIBRARY OF CONGRESS CALL NUMBER | |
| Classification number | 336.22 $2 18 |
| 245 00 - TITLE STATEMENT | |
| Title | Tax on Property [2007-2008] |
| 260 ## - PUBLICATION, DISTRIBUTION, ETC. | |
| Place of publication, distribution, etc. | Kingston-upon-Thames |
| Name of publisher, distributor, etc. | Wolters Kluwer (UK) Limited |
| Date of publication, distribution, etc. | 2007 |
| 300 ## - PHYSICAL DESCRIPTION | |
| Extent | xxii, 982p. |
| Dimensions | 24cm. |
| 505 2# - FORMATTED CONTENTS NOTE | |
| Formatted contents note | Occupation of business premises -- Property letting -- Property dealing and development -- 'Artifical' transactions in land -- Capital Allowances -- Relief for interest payable -- Construction industry scheme -- Capital gains -- Real estate investment trusts -- Inheritance tax -- Stamp duty land tax (SDLT) -- Value added tax -- Landfill tax -- Aggregates Levy -- Local taxes |
| 520 ## - SUMMARY, ETC. | |
| Summary, etc. | Examines the ways in which the current system of taxation in the UK affects land, and looks at transactions under both the income tax and corporation tax regimes. Includes worked examples and references to appropriate legislation and cases. |
| 521 ## - TARGET AUDIENCE NOTE | |
| Target audience note | Advanced |
| 590 ## - LOCAL NOTE (RLIN) | |
| Local note | KA |
| 650 24 - SUBJECT ADDED ENTRY--TOPICAL TERM | |
| Topical term or geographic name entry element | FINANCE ACT 2007 |
| 651 #4 - SUBJECT ADDED ENTRY--GEOGRAPHIC NAME | |
| Geographic name | United Kingdom |
| Chronological subdivision | |
| 690 ## - LOCAL SUBJECT ADDED ENTRY--TOPICAL TERM (OCLC, RLIN) | |
| Topical term or geographic name as entry element | PROPERTY-PROPERTY TAXATION |
| 700 1# - ADDED ENTRY--PERSONAL NAME | |
| Personal name | Narain, Lakshmi |
| Relator term | Editor |
| 942 ## - ADDED ENTRY ELEMENTS (KOHA) | |
| Suppress in OPAC | 0 |
| Withdrawn status | Lost status | Source of classification or shelving scheme | Damaged status | Not for loan | Home library | Current library | Shelving location | Date acquired | Cost, normal purchase price | Total Checkouts | Full call number | Barcode | Date last seen | Date last checked out | Copy number | Cost, replacement price | Price effective from | Koha item type |
|---|---|---|---|---|---|---|---|---|---|---|---|---|---|---|---|---|---|---|
| Dewey Decimal Classification | London | London | Books | 15/02/2008 | 72.95 | 8 | 336.22 TAX | 30072654 | 06/08/2019 | 15/06/2009 | 1 | 72.95 | 06/08/2019 | Book |